[Event "3rd Al Ain Chess Classic"]
[Site "Al-Ain UAE"]
[Date "2014.12.25"]
[Round "8.68"]
[White "Alnyeyadi, Abdulla"]
[Black "Haitham, Alkindi"]
[Result "0-1"]
[WhiteElo "1423"]
[BlackElo "1402"]
[WhiteFideId "9308393"]
[BlackFideId "9312455"]
[EventDate "2014.12.19"]

1. d4 Nf6 2. c4 e6 3. Nf3 c5 4. d5 b5 5. cxb5 Nxd5 6. g3 Be7 7. Bg2 f5 8. O-O
O-O 9. Nc3 Bb7 10. Nd2 Nxc3 11. bxc3 Bxg2 12. Kxg2 Bf6 13. Bb2 Qc7 14. Qb3 d5
15. c4 d4 16. Qf3 Nd7 17. Ba3 Qa5 18. Qc6 Qxa3 19. Qxd7 Rfe8 20. Qc6 d3 21. Rad1
dxe2 0-1

[Event "3rd Al Ain Chess Classic"]
[Site "Al-Ain UAE"]
[Date "2014.12.25"]
[Round "8.69"]
[White "Talibov, Uzeyir"]
[Black "Sidharth Balaji Sridharan"]
[Result "0-1"]
[WhiteElo "1577"]
[BlackElo "1114"]
[WhiteFideId "13414011"]
[BlackFideId "45002789"]
[EventDate "2014.12.19"]

1. d4 Nf6 2. c4 e6 3. Nf3 Bb4+ 4. Bd2 Qe7 5. a3 Bxd2+ 6. Qxd2 Nc6 7. e3 d6 8.
Nc3 O-O 9. Bd3 e5 10. d5 e4 11. dxc6 exf3 12. cxb7 Bxb7 13. g3 Qe6 14. O-O-O Ne4
15. Nxe4 Bxe4 16. Bxe4 Qxe4 17. Qd5 Qxd5 18. Rxd5 f5 19. Rd4 g5 20. g4 f4 21.
Rd5 h6 22. h4 gxh4 23. Rxh4 fxe3 24. Rh2 e2 25. Kd2 Rae8 26. Rh1 Rf4 27. Rg1
Rxc4 28. g5 Rg4 29. Re1 Rxg5 30. Rd3 Rf5 31. Rc3 c5 32. Rd3 d5 33. b4 c4 34. Rc3
Rf4 35. Re3 Rd4+ 36. Kc3 Rxe3+ 37. Kxd4 Rd3+ 38. Kc5 Rd1 0-1

[Event "3rd Al Ain Chess Classic"]
[Site "Al-Ain UAE"]
[Date "2014.12.25"]
[Round "8.70"]
[White "Hamad Essam"]
[Black "Alur Varun"]
[Result "0-1"]
[WhiteElo "1383"]
[BlackElo "1350"]
[WhiteFideId "9313397"]
[BlackFideId "46649123"]
[EventDate "2014.12.19"]

1. e4 e5 2. Nf3 Nc6 3. Nc3 Nf6 4. d4 exd4 5. Nxd4 Be7 6. Nxc6 dxc6 7. Qxd8+ Bxd8
8. Bd3 Be6 9. O-O O-O 10. Re1 Be7 11. Bf4 Rac8 12. Rad1 Bb4 13. a3 Ba5 14. b4
Bb6 15. Na4 Bd4 16. e5 Nd5 17. Bxh7+ Kh8 18. Rxd4 Nxf4 19. Rxf4 g5 20. Rf6 Kxh7
21. Nc5 Bd5 22. Nxb7 Kg7 23. Nc5 Rfe8 24. c4 Bxc4 25. Rxc6 Rcd8 26. Rxc7 Rxe5
27. Re7 Rxe7 28. Rc1 Rde8 0-1

[Event "3rd Al Ain Chess Classic"]
[Site "Al-Ain UAE"]
[Date "2014.12.25"]
[Round "8.71"]
[White "Rashid, Shaeri"]
[Black "Singh Gurmeher"]
[Result "0-1"]
[WhiteElo "1377"]
[BlackElo "1243"]
[WhiteFideId "9308113"]
[BlackFideId "25089455"]
[EventDate "2014.12.19"]

1. e4 c5 2. Nf3 e6 3. d4 cxd4 4. Nxd4 a6 5. Be3 Nf6 6. Nc3 Qc7 7. f3 Bb4 8. Bd2
d5 9. exd5 Bxc3 10. Bxc3 Nxd5 11. Bd2 Qb6 12. Nb3 Bd7 13. Bc4 Ne3 14. Bxe3 Qxe3+
15. Qe2 Qxe2+ 16. Bxe2 Nc6 17. O-O-O O-O-O 18. Nc5 Nb4 19. Kb1 Nd5 20. Rd4 Bc6
21. Rc4 Bb5 22. Re4 Bxe2 23. Rxe2 Nf4 24. Re4 Nd5 25. a3 Rd6 26. Nd3 Kb8 27.
Rhe1 Rc8 28. Nb4 Nxb4 29. Rxb4 Rd2 30. Rg4 Rcxc2 31. Rxg7 Rxb2+ 32. Ka1 Ra2+ 33.
Kb1 Rdb2+ 34. Kc1 Rxg2 35. Rxg2 Rxg2 36. Rd1 Rxh2 37. Rd7 Rh1+ 38. Kd2 Rh2+ 39.
Ke3 Ra2 40. Rxf7 Rxa3+ 0-1

[Event "3rd Al Ain Chess Classic"]
[Site "Al-Ain UAE"]
[Date "2014.12.25"]
[Round "8.72"]
[White "Alali, Ali"]
[Black "Al Ali, Hamad"]
[Result "1-0"]
[WhiteElo "1230"]
[BlackElo "1219"]
[WhiteFideId "9309063"]
[BlackFideId "9310711"]
[EventDate "2014.12.19"]

1. e4 e5 2. Nf3 Nc6 3. Nc3 Nf6 4. d4 exd4 5. Nxd4 Bb4 6. Nxc6 bxc6 7. Bd3 d5 8.
exd5 Qe7+ 9. Qe2 Bxc3+ 10. bxc3 Qxe2+ 11. Kxe2 Nxd5 12. Kd2 O-O 13. Re1 Be6 14.
Ba3 Rfe8 15. Rab1 Rab8 16. Bc5 Nb6 17. a3 h6 18. g3 a6 19. Bxa6 Rbd8+ 20. Kc1
Ba2 21. Rxe8+ Rxe8 22. Rb4 Bd5 23. Kd2 Rd8 24. Kc1 Ra8 25. Bxb6 Rxa6 26. Bc5 Kh7
27. Rb7 Ra8 28. Rxc7 Re8 29. Re7 Rd8 30. a4 Bc4 31. Bd4 Rc8 32. Bc5 Ra8 33. Ra7
Rxa7 34. Bxa7 Kg6 35. Kd2 h5 36. h4 Kf5 37. Ke3 Ke6 38. f4 g6 39. Ke4 f5+ 40.
Kd4 Ba6 41. Kc5 Kd7 42. c4 Kc7 43. Bb6+ Kb7 44. a5 Kc8 45. Kxc6 Bxc4 46. Bc7 Bf1
47. Bd6 Bg2+ 48. Kb5 Kb7 49. a6+ Ka7 50. Bc5+ Kb8 51. Kb6 Bf3 52. Bd6+ Ka8 53.
c4 Be2 54. c5 Bxa6 55. Kxa6 g5 56. Be7 g4 57. Kb6 Kb8 58. Bf6 Ka8 59. Kc6 Kb8
60. Kd7 1-0

[Event "3rd Al Ain Chess Classic"]
[Site "Al-Ain UAE"]
[Date "2014.12.26"]
[Round "9.1"]
[White "Onischuk, Vladimir"]
[Black "Petrosian, Tigran L."]
[Result "1/2-1/2"]
[WhiteTitle "GM"]
[BlackTitle "GM"]
[WhiteElo "2614"]
[BlackElo "2651"]
[WhiteFideId "14114038"]
[BlackFideId "13301616"]
[EventDate "2014.12.19"]

1. e4 d6 2. d4 g6 3. Nc3 Bg7 4. f4 Nf6 5. Nf3 O-O 6. e5 dxe5 7. dxe5 Qxd1+ 8.
Nxd1 Nd5 9. c4 Nb6 10. Ne3 Nc6 11. c5 Na4 12. Bb5 Nxc5 13. Nd5 Be6 14. Bxc6 bxc6
15. Nxe7+ Kh8 16. O-O f6 17. Nxc6 Bd5 18. exf6 Rxf6 19. Nce5 Ne6 20. g3 g5 21.
Ng4 Rff8 22. Nxg5 Nd4 23. Ne3 Bb7 24. Kf2 h6 25. Nh3 Nf3 26. Rd1 Nxh2 27. g4 Bf3
28. Rg1 Be4 29. Kg3 Nf3 30. Rd1 Nd4 31. Re1 Rae8 32. Bd2 Nf3 33. Bb4 Nxe1 34.
Bxf8 Bxf8 35. Rxe1 Bd5 36. Kh4 Bc5 37. Nc2 Rxe1 38. Nxe1 Bxa2 39. Nd3 Bd4 40. b4
Kg7 41. f5 Bf6+ 42. Kg3 Be7 43. Kf3 Kf6 44. Nhf2 Bd5+ 45. Ne4+ Bxe4+ 46. Kxe4
Kg5 47. Kf3 c6 48. Ne5 Bxb4 49. Nxc6 Bc5 50. Nxa7 Bxa7 51. f6 Kxf6 52. Kg2 Kg5
53. Kh1 Kf4 54. Kg2 Bd4 55. Kh1 Kf3 56. Kh2 Kf2 57. Kh1 Kf1 58. Kh2 Bf2 59. Kh1
Bg1 60. g5 hxg5 1/2-1/2

[Event "3rd Al Ain Chess Classic"]
[Site "Al-Ain UAE"]
[Date "2014.12.26"]
[Round "9.2"]
[White "Kryvoruchko, Yuriy"]
[Black "Vidit, Santosh Gujrathi"]
[Result "1/2-1/2"]
[WhiteTitle "GM"]
[BlackTitle "GM"]
[WhiteElo "2671"]
[BlackElo "2625"]
[WhiteFideId "14109182"]
[BlackFideId "5029465"]
[EventDate "2014.12.19"]

1. e4 e6 2. d4 d5 3. Nc3 Bb4 4. e5 c5 5. a3 Bxc3+ 6. bxc3 Ne7 7. Qg4 O-O 8. Bd3
Nbc6 9. Nf3 f5 10. exf6 Rxf6 11. Ne5 c4 12. Bg5 Nxe5 13. dxe5 Rf7 14. Bxe7 Rxe7
15. Be2 Qa5 16. Qd4 Bd7 17. h4 Rf8 18. g3 Be8 19. h5 g5 20. Bg4 b6 21. Rf1 Ba4
22. Kd2 Qc5 23. Rab1 Kg7 24. Rb4 Bc6 25. a4 Kh6 26. f3 Qxd4+ 27. cxd4 Bd7 28.
Ra1 Rb8 29. a5 b5 30. Kc3 a6 31. Rbb1 Rg7 32. Kb4 Rc8 33. c3 Rcg8 34. Rh1 Bc8
35. Raf1 Rf7 36. Rf2 Bd7 37. Rhf1 Rfg7 38. Bh3 Rf8 39. Bg4 Rfg8 40. Rh2 Rf7 41.
Rff2 Rgf8 42. Rb2 Rg7 43. Rhf2 Rgf7 44. Rb1 Rg7 45. Rg1 Rfg8 46. Rgf1 Bc8 47.
Rg1 Bd7 48. Bh3 Rf8 49. Bg4 1/2-1/2

[Event "3rd Al Ain Chess Classic"]
[Site "Al-Ain UAE"]
[Date "2014.12.26"]
[Round "9.3"]
[White "Zhigalko, Sergei"]
[Black "Sandipan, Chanda"]
[Result "1-0"]
[WhiteTitle "GM"]
[BlackTitle "GM"]
[WhiteElo "2672"]
[BlackElo "2599"]
[WhiteFideId "13502956"]
[BlackFideId "5004225"]
[EventDate "2014.12.19"]

1. e4 e5 2. Nf3 Nc6 3. Bb5 a6 4. Ba4 Nf6 5. O-O Nxe4 6. d4 b5 7. Bb3 d5 8. dxe5
Be6 9. Nbd2 Be7 10. c3 O-O 11. Bc2 f5 12. Nb3 Qd7 13. Nbd4 Nxd4 14. Nxd4 c5 15.
Nxe6 Qxe6 16. f3 Ng5 17. a4 Rad8 18. axb5 axb5 19. Kh1 g6 20. Ra7 Rd7 21. Rxd7
Qxd7 22. b4 Ne6 23. bxc5 Qc6 24. Bh6 Rd8 25. Qd2 Qxc5 26. Bb3 b4 27. cxb4 Qxb4
28. Qxb4 Bxb4 29. Rd1 Bf8 30. Be3 Kg7 31. Rxd5 Rxd5 32. Bxd5 Kf7 33. Bg5 h6 34.
Bf6 f4 35. g3 g5 36. gxf4 gxf4 37. Kg2 Be7 38. Bxe7 Kxe7 39. Bxe6 Kxe6 40. Kh3
Kxe5 41. Kg4 Kf6 42. Kxf4 Ke6 43. Ke4 Kf6 44. f4 Ke6 45. f5+ Kd6 46. Kd4 h5 47.
h4 1-0

[Event "3rd Al Ain Chess Classic"]
[Site "Al-Ain UAE"]
[Date "2014.12.26"]
[Round "9.4"]
[White "Oleksienko, Mikhailo"]
[Black "Areshchenko, Alexander"]
[Result "1/2-1/2"]
[WhiteTitle "GM"]
[BlackTitle "GM"]
[WhiteElo "2621"]
[BlackElo "2666"]
[WhiteFideId "4152417"]
[BlackFideId "14109530"]
[EventDate "2014.12.19"]

1. e4 c5 2. Nf3 d6 3. d4 cxd4 4. Nxd4 Nf6 5. f3 e5 6. Nb3 Be6 7. c4 Be7 8. Nc3
Nbd7 9. Be3 O-O 10. Be2 Rc8 11. Nd5 Bxd5 12. cxd5 Nb6 13. O-O Nfd7 14. Na5 Rc7
15. Qd2 f5 16. exf5 Rxf5 17. Rac1 Rf8 18. Rxc7 Qxc7 19. Rc1 Qb8 20. Bd3 Kh8 21.
Be4 Nf6 22. b4 Rc8 23. Rxc8+ Qxc8 24. Qc2 Qb8 25. Qd3 Qc7 26. g3 g6 27. Kg2 Kg7 1/2-1/2

[Event "3rd Al Ain Chess Classic"]
[Site "Al-Ain UAE"]
[Date "2014.12.26"]
[Round "9.5"]
[White "Nigalidze, Gaioz"]
[Black "Mchedlishvili, Mikheil"]
[Result "1-0"]
[WhiteTitle "GM"]
[BlackTitle "GM"]
[WhiteElo "2536"]
[BlackElo "2625"]
[WhiteFideId "13603078"]
[BlackFideId "13600966"]
[EventDate "2014.12.19"]

1. Nf3 d5 2. c4 c6 3. g3 Nf6 4. Bg2 Bf5 5. O-O e6 6. b3 h6 7. Bb2 Be7 8. d3 O-O
9. Nbd2 a5 10. Re1 Qb6 11. e4 Bh7 12. e5 Nfd7 13. d4 a4 14. c5 Qc7 15. b4 b6 16.
a3 f6 17. exf6 Rxf6 18. Rc1 Qb7 19. Bh3 Nf8 20. Ne5 Nbd7 21. Nxd7 Qxd7 22. cxb6
Qb7 23. Nf3 Bg6 24. Ne5 Be8 25. Nd3 Qxb6 26. Nc5 Bf7 27. Nxa4 Qa7 28. Nc5 Bd6
29. Nd3 Rc8 30. Ne5 Be8 31. Re3 Qb7 32. Nd3 Qf7 33. a4 Bd7 34. Qe2 Re8 35. a5
Rg6 36. Ne5 Bxe5 37. dxe5 Nh7 38. Bg4 Ng5 39. Kg2 1-0

[Event "3rd Al Ain Chess Classic"]
[Site "Al-Ain UAE"]
[Date "2014.12.26"]
[Round "9.6"]
[White "Abasov, Nijat"]
[Black "Kuzubov, Yuriy"]
[Result "1/2-1/2"]
[WhiteTitle "GM"]
[BlackTitle "GM"]
[WhiteElo "2509"]
[BlackElo "2701"]
[WhiteFideId "13402960"]
[BlackFideId "14112906"]
[EventDate "2014.12.19"]

1. Nf3 c5 2. c4 Nf6 3. Nc3 d5 4. cxd5 Nxd5 5. e4 Nb4 6. Bc4 Nd3+ 7. Ke2 Nf4+ 8.
Kf1 Nd3 9. Ke2 Nf4+ 10. Kf1 Nd3 11. Nb1 1/2-1/2

[Event "3rd Al Ain Chess Classic"]
[Site "Al-Ain UAE"]
[Date "2014.12.26"]
[Round "9.7"]
[White "Grover, Sahaj"]
[Black "Shankland, Samuel L"]
[Result "1/2-1/2"]
[WhiteTitle "GM"]
[BlackTitle "GM"]
[WhiteElo "2505"]
[BlackElo "2642"]
[WhiteFideId "5021103"]
[BlackFideId "2004887"]
[EventDate "2014.12.19"]

1. e4 c6 2. d4 d5 3. Nd2 dxe4 4. Nxe4 Bf5 5. Ng3 Bg6 6. Nf3 e6 7. Bd3 Nf6 8. O-O
Be7 9. Re1 O-O 10. Bxg6 hxg6 11. Bg5 c5 12. dxc5 Bxc5 13. Ne5 Nc6 14. Qf3 Nxe5
15. Rxe5 Qc7 16. Re2 Be7 17. c3 Rfd8 18. h4 Rd5 19. Bf4 Qc6 20. Rae1 Rad8 21.
Bg5 R8d7 22. Bxf6 Bxf6 23. h5 gxh5 24. Nxh5 Be7 25. Re4 Rf5 26. Qe2 Bc5 27. Nf4
Qd6 28. g3 Rd5 29. Qf3 Rd1 30. Kg2 Rxe1 31. Rxe1 e5 32. c4 Bd4 33. b3 1/2-1/2

[Event "3rd Al Ain Chess Classic"]
[Site "Al-Ain UAE"]
[Date "2014.12.26"]
[Round "9.8"]
[White "Gupta, Abhijeet"]
[Black "Malakhatko, Vadim"]
[Result "1-0"]
[WhiteTitle "GM"]
[BlackTitle "GM"]
[WhiteElo "2632"]
[BlackElo "2533"]
[WhiteFideId "5010608"]
[BlackFideId "14104202"]
[EventDate "2014.12.19"]

1. d4 d5 2. c4 c6 3. Nf3 Nf6 4. Nc3 e6 5. g3 Nbd7 6. Bg2 dxc4 7. O-O Be7 8. e4
O-O 9. Bf4 Re8 10. Re1 a5 11. a4 Bb4 12. Qc2 b6 13. Rad1 Ba6 14. h3 Rc8 15. g4
Nf8 16. g5 Nh5 17. Bh2 Ng6 18. Qc1 f6 19. d5 e5 20. dxc6 Qc7 21. gxf6 Nxf6 22.
Qg5 Bxc3 23. bxc3 Qxc6 24. h4 Nxe4 25. Qe3 Nf6 26. Nxe5 Qc5 27. Qg5 Nf8 28. Re3
Re7 29. Ng4 Qxg5 30. hxg5 Rxe3 31. Nxe3 N6d7 32. Bh3 Rd8 33. Nd5 1-0

[Event "3rd Al Ain Chess Classic"]
[Site "Al-Ain UAE"]
[Date "2014.12.26"]
[Round "9.9"]
[White "Pashikian, Arman"]
[Black "Hayrapetyan, Hovik"]
[Result "1-0"]
[WhiteTitle "GM"]
[BlackTitle "GM"]
[WhiteElo "2617"]
[BlackElo "2441"]
[WhiteFideId "13301578"]
[BlackFideId "13302639"]
[EventDate "2014.12.19"]

1. d4 Nf6 2. c4 e6 3. Nf3 b6 4. g3 Ba6 5. b3 Bb4+ 6. Bd2 Be7 7. Nc3 d5 8. cxd5
exd5 9. Bg2 O-O 10. O-O Re8 11. Qc2 Nbd7 12. Rfd1 Bd6 13. Bc1 c6 14. Bb2 Qe7 15.
Rac1 Rac8 16. Nh4 g6 17. Nf3 Ng4 18. e3 f5 19. Re1 Qg7 20. a3 Ngf6 21. b4 Ne4
22. Nd2 Ndf6 23. Qa4 Bb7 24. Ncxe4 Nxe4 25. Nxe4 fxe4 26. b5 cxb5 27. Qxa7 b4
28. Bh3 Ra8 29. Qxb6 bxa3 30. Bxa3 Ra6 31. Qb5 Rf8 32. Be6+ Kh8 33. Bxd6 Rxd6
34. Bh3 Ba6 35. Qa5 Qf6 36. Rc2 Rc6 37. Rb2 Bc4 38. Bg2 g5 39. h3 h5 40. Qa3 h4
41. g4 Bd3 42. Qa5 Qf7 43. Qb4 Rfc8 44. Kh1 Rc1 45. Ra2 R8c4 46. Qb8+ Kh7 47.
Ra7 Rxe1+ 48. Kh2 Qxa7 49. Qxa7+ Kh6 50. Qb6+ Kg7 51. Qb7+ Kf8 52. Qa8+ Ke7 53.
Qxd5 Rc2 54. Qxg5+ Ke6 55. Qh6+ Kd5 56. Qxh4 Ree2 57. Kg1 Rc1+ 58. Kh2 Rcc2 59.
Qd8+ Kc4 60. Qc7+ Kb3 61. Qf7+ Kc3 62. Kg3 Kd2 63. Qf4 Ke1 64. Bxe4 Bxe4 65.
Qxe4 Rxf2 66. d5 1-0

[Event "3rd Al Ain Chess Classic"]
[Site "Al-Ain UAE"]
[Date "2014.12.26"]
[Round "9.10"]
[White "Volkov, Sergey"]
[Black "Lodhi, Mahmood"]
[Result "1/2-1/2"]
[WhiteTitle "GM"]
[BlackTitle "IM"]
[WhiteElo "2599"]
[BlackElo "2328"]
[WhiteFideId "4122763"]
[BlackFideId "7800010"]
[EventDate "2014.12.19"]

1. d4 d5 2. c4 c6 3. cxd5 cxd5 4. Bf4 Nc6 5. e3 Qb6 6. Nc3 e6 7. a3 a6 8. Bd3
Nf6 9. h3 Be7 10. Nf3 O-O 11. O-O Bd7 12. Na4 Qa7 13. b4 b6 14. Qb3 Rfc8 15.
Rfc1 Qb7 16. Rc2 Na7 17. Nc3 Ne4 18. Bxe4 dxe4 19. Ne5 Be8 20. Rac1 Nb5 21. Nxb5
axb5 22. Rc3 Rxc3 23. Qxc3 f6 24. Nc6 Bf8 25. Qb3 Qd7 26. Nb8 Qd5 27. Qxd5 exd5
28. Rc3 Kf7 29. f3 f5 30. g4 g6 31. Kf2 Be7 32. gxf5 gxf5 33. fxe4 fxe4 34. Nc6
Bh4+ 35. Bg3 Bf6 36. Ne5+ Ke6 37. Ng4 Bg5 38. h4 Bd8 39. Kg2 h5 40. Nf2 Kd7 41.
Kh3 Rc8 42. Rxc8 Kxc8 43. Be5 Bd7+ 44. Kg3 Be6 45. Nd1 Kd7 46. Nc3 Kc6 47. Ne2
Bf7 48. Nf4 Kd7 49. Nh3 Ke6 50. Ng5+ Bxg5 51. hxg5 Kf5 52. Kh4 Be8 53. Bc7 Kg6
54. Bxb6 Kf5 55. Bc7 Kg6 56. Bd8 Kf5 57. Kg3 Bg6 58. Bf6 Be8 59. Be7 Ke6 60. Bf6
Kf5 61. Bd8 Bg6 1/2-1/2

[Event "3rd Al Ain Chess Classic"]
[Site "Al-Ain UAE"]
[Date "2014.12.26"]
[Round "9.11"]
[White "Parligras, Mircea-Emilian"]
[Black "Pourkashiyan, Atousa"]
[Result "1-0"]
[WhiteTitle "GM"]
[BlackTitle "WGM"]
[WhiteElo "2580"]
[BlackElo "2312"]
[WhiteFideId "1204297"]
[BlackFideId "12502014"]
[EventDate "2014.12.19"]

1. Nf3 d5 2. d4 Nf6 3. c4 e6 4. Nc3 Nbd7 5. Bf4 dxc4 6. e3 a6 7. a4 Bd6 8. Bg5
h6 9. Bh4 b6 10. Bxc4 Bb7 11. O-O c5 12. e4 cxd4 13. Qxd4 Qc7 14. Rfd1 Bc5 15.
Qd3 O-O 16. Bg3 e5 17. Rac1 Qb8 18. Nh4 Bd4 19. Qe2 Bxc3 20. Rxc3 Nc5 21. f3
Nxa4 22. Rc2 Nc5 23. Nf5 Nh5 24. Rd6 Nxg3 25. hxg3 Bc8 26. Nxh6+ gxh6 27. Rxh6
Kg7 28. Qd2 f6 29. Rh4 Ne6 30. Qh6+ Kf7 31. Qh7+ Ke8 32. Qg6+ Ke7 33. Rh7+ Kd6
34. Qh6 a5 35. Bxe6 Bxe6 36. Qd2+ 1-0

[Event "3rd Al Ain Chess Classic"]
[Site "Al-Ain UAE"]
[Date "2014.12.26"]
[Round "9.12"]
[White "Paichadze, Luka"]
[Black "Ter-Sahakyan, Samvel"]
[Result "0-1"]
[WhiteTitle "GM"]
[BlackTitle "GM"]
[WhiteElo "2561"]
[BlackElo "2580"]
[WhiteFideId "13602934"]
[BlackFideId "13302531"]
[EventDate "2014.12.19"]

1. e4 c5 2. Nf3 d6 3. d4 cxd4 4. Qxd4 Nc6 5. Bb5 Bd7 6. Bxc6 Bxc6 7. Nc3 Nf6 8.
Bg5 e6 9. O-O-O Be7 10. Qd3 O-O 11. Nd4 Rc8 12. f4 a6 13. Kb1 Qc7 14. h4 Rfd8
15. f5 Bd7 16. a3 Qc4 17. Qg3 e5 18. Bxf6 Bxf6 19. Nb3 Ba4 20. Nd2 Qd4 21. Qf3
h5 22. Rh3 d5 23. exd5 Rxd5 24. Qxd5 Bxc2+ 25. Kc1 Bxf5 26. Qf3 g6 27. Re1 Bg7
28. Ne4 Bh6+ 29. Kb1 Bd2 30. Rhh1 Bxc3 31. Re3 Bd2 32. Re2 Rc4 33. Ka1 Bxe4 34.
Qb3 Bf4 35. Rhe1 Bd3 36. Rd1 Bc2 0-1

[Event "3rd Al Ain Chess Classic"]
[Site "Al-Ain UAE"]
[Date "2014.12.26"]
[Round "9.13"]
[White "Mamedov, Rauf"]
[Black "Shyam, Sundar M."]
[Result "1-0"]
[WhiteTitle "GM"]
[BlackTitle "GM"]
[WhiteElo "2658"]
[BlackElo "2484"]
[WhiteFideId "13401653"]
[BlackFideId "5019141"]
[EventDate "2014.12.19"]

1. c4 e5 2. g3 h5 3. h3 Nc6 4. Nc3 Bc5 5. Bg2 d6 6. d3 h4 7. g4 Nge7 8. Nf3 Nd4
9. Ng5 c6 10. O-O Ne6 11. Rb1 Nxg5 12. Bxg5 f6 13. Bd2 a5 14. a3 Be6 15. b4 axb4
16. axb4 Bd4 17. b5 O-O 18. e3 Bxc3 19. Bxc3 d5 20. bxc6 bxc6 21. Rb7 Rf7 22.
Qb3 Ng6 23. Rb1 Rc8 24. Qa4 Nh8 25. Ba5 Qd6 26. R7b6 Ra7 27. Qb4 Qxb4 28. Bxb4
dxc4 29. dxc4 Bxc4 30. Rc1 Ra6 31. Rb7 Bf7 32. Be4 Rca8 33. Rxc6 Rxc6 34. Bxc6
Ra1+ 35. Kh2 Ng6 36. Be4 Rd1 37. Bc3 Rf1 38. Kg2 Rd1 39. Kh2 Rf1 40. Rb2 Rd1 41.
f3 Kh7 42. Kg2 Kh6 43. Bd2 Bc4 44. f4 exf4 45. exf4 Rxd2+ 46. Rxd2 Nxf4+ 47. Kh2
Kg5 48. Rc2 Be6 49. Rc5+ Kh6 50. Ra5 g6 51. Rb5 Bd7 52. Rb7 Be6 53. Rb5 Bd7 54.
Ra5 Be6 55. Rc5 Bb3 56. Bb7 Be6 57. Bc8 Bd5 58. Ba6 Bf3 59. Bf1 Bd5 60. Kg1 Be6
61. Kf2 f5 62. Ke3 Kg5 63. Ra5 Bd7 64. Ra7 Nd5+ 65. Kd4 Nf6 66. Ra5 Kf4 67. Ra6
Kg5 68. Ke5 Ne4 69. Ra7 Nf6 70. Ra6 Ne4 71. Bg2 Nf2 72. Ra2 Nd3+ 73. Kd6 Bb5 74.
gxf5 gxf5 75. Bf1 Kf4 76. Ra5 Bc4 77. Ra4 Nb2 78. Rb4 Kg3 79. Bxc4 Nxc4+ 80.
Rxc4 Kxh3 81. Ke5 Kg3 82. Kxf5 h3 83. Rc3+ Kh4 84. Kf4 h2 85. Rc1 1-0

[Event "3rd Al Ain Chess Classic"]
[Site "Al-Ain UAE"]
[Date "2014.12.26"]
[Round "9.14"]
[White "Vishnu Prasanna, V"]
[Black "Lupulescu, Constantin"]
[Result "1/2-1/2"]
[WhiteTitle "GM"]
[BlackTitle "GM"]
[WhiteElo "2463"]
[BlackElo "2640"]
[WhiteFideId "5030692"]
[BlackFideId "1207822"]
[EventDate "2014.12.19"]

1. e4 c6 2. d4 d5 3. e5 Bf5 4. Nf3 e6 5. Be2 Ne7 6. O-O h6 7. Nbd2 Nd7 8. c3 a6
9. b4 a5 10. a4 Ng6 11. bxa5 Nf4 12. Nb3 Nxe2+ 13. Qxe2 Be7 14. Ne1 O-O 15. Nd3
Bxd3 16. Qxd3 c5 17. c4 cxd4 18. Qxd4 dxc4 19. Qxc4 Nxe5 20. Qb5 Qd5 21. Bf4 Nd3
22. Qxd5 exd5 23. Be3 Rfc8 24. Rfd1 Nb4 25. Rab1 Rc4 26. Kf1 h5 27. Bd2 Nc6 28.
Be3 Nb4 29. Bd2 Nc6 30. Be3 Nb4 31. Bd2 1/2-1/2

[Event "3rd Al Ain Chess Classic"]
[Site "Al-Ain UAE"]
[Date "2014.12.26"]
[Round "9.15"]
[White "Iordachescu, Viorel"]
[Black "Arun Prasad, S."]
[Result "1/2-1/2"]
[WhiteTitle "GM"]
[BlackTitle "GM"]
[WhiteElo "2611"]
[BlackElo "2482"]
[WhiteFideId "13900200"]
[BlackFideId "5011167"]
[EventDate "2014.12.19"]

1. e4 c6 2. d4 d5 3. Nd2 dxe4 4. Nxe4 Nd7 5. Nf3 Ngf6 6. Ng3 e6 7. Bd3 c5 8. O-O
cxd4 9. Nxd4 Bc5 10. Nb3 Be7 11. a4 O-O 12. Qe2 Nb6 13. Ne4 Nbd5 14. Nxf6+ Nxf6
15. Bf4 Nd5 16. Bg3 Bd6 17. Rfd1 Bxg3 18. hxg3 Qc7 19. Nd4 a6 20. Nf3 Bd7 21.
Ne5 Rad8 22. c3 Bc8 23. Bc2 Nf6 24. Nc4 b6 25. Rxd8 Rxd8 26. Rd1 Bb7 27. Rxd8+
Qxd8 28. Qe5 Be4 29. Bb3 Bd5 30. Qd4 Qc7 31. Nd2 e5 32. Qd3 Bxb3 33. Nxb3 Qd7
34. Qxd7 Nxd7 35. g4 Kf8 36. f3 Ke7 37. Kf2 Ke6 38. Ke3 Kd5 39. a5 b5 40. Nd2 e4 1/2-1/2

[Event "3rd Al Ain Chess Classic"]
[Site "Al-Ain UAE"]
[Date "2014.12.26"]
[Round "9.16"]
[White "Gopal, G.N."]
[Black "Babujian, Levon"]
[Result "1-0"]
[WhiteTitle "GM"]
[BlackTitle "GM"]
[WhiteElo "2580"]
[BlackElo "2471"]
[WhiteFideId "5015693"]
[BlackFideId "13301993"]
[EventDate "2014.12.19"]

1. e4 d6 2. d4 Nf6 3. Nc3 g6 4. Be3 a6 5. Nf3 Bg7 6. Qd2 b5 7. Bh6 O-O 8. Bd3 c5
9. dxc5 dxc5 10. Bxg7 Kxg7 11. e5 Nh5 12. Qe3 Qc7 13. O-O-O Be6 14. Rhg1 Qc8 15.
h3 Kg8 16. Qh6 f6 17. Nh4 Ng7 18. Nxg6 hxg6 19. Bxg6 Rd8 20. exf6 exf6 21. Ne4
Rxd1+ 22. Rxd1 Nd7 23. Qh7+ Kf8 24. Qh8+ Bg8 25. Bh7 Ne6 26. Bxg8 1-0

[Event "3rd Al Ain Chess Classic"]
[Site "Al-Ain UAE"]
[Date "2014.12.26"]
[Round "9.17"]
[White "Kovchan, Alexander"]
[Black "Bakre, Tejas"]
[Result "1-0"]
[WhiteTitle "GM"]
[BlackTitle "GM"]
[WhiteElo "2569"]
[BlackElo "2454"]
[WhiteFideId "14103052"]
[BlackFideId "5004195"]
[EventDate "2014.12.19"]

1. e4 c5 2. Nf3 d6 3. d4 cxd4 4. Nxd4 Nf6 5. Nc3 Nc6 6. g3 g6 7. Bg2 Bd7 8. Nde2
Bg7 9. O-O O-O 10. h3 a6 11. a4 Rc8 12. Be3 Na5 13. b3 Be6 14. Rc1 Nd7 15. Nd5
b5 16. axb5 axb5 17. Nd4 Bxd4 18. Bxd4 Nc6 19. Bb2 f6 20. Qe2 Rb8 21. f4 Bf7 22.
Rcd1 Nb6 23. Kh2 e5 24. fxe5 Nxd5 25. e6 Nc7 26. Bxf6 1-0

[Event "3rd Al Ain Chess Classic"]
[Site "Al-Ain UAE"]
[Date "2014.12.26"]
[Round "9.18"]
[White "Gagare, Shardul"]
[Black "Kravtsiv, Martyn"]
[Result "1/2-1/2"]
[WhiteTitle "IM"]
[BlackTitle "GM"]
[WhiteElo "2411"]
[BlackElo "2576"]
[WhiteFideId "5037883"]
[BlackFideId "14113147"]
[EventDate "2014.12.19"]

1. d4 Nf6 2. c4 e6 3. Nf3 b6 4. g3 Ba6 5. b3 Bb4+ 6. Bd2 Be7 7. Bg2 d5 8. O-O
O-O 9. cxd5 exd5 10. Nc3 Bb7 11. Ne5 c5 12. Rc1 Re8 13. dxc5 Bxc5 14. Nd3 Ba3
15. Rc2 Nc6 16. Bg5 Nd4 17. Rd2 Rc8 18. Nf4 Rxc3 19. Rxd4 Rc1 20. Qd2 Rxf1+ 21.
Kxf1 Bc5 22. Rd3 Re5 23. h4 h6 24. Bxf6 Qxf6 25. b4 Bf8 26. Nxd5 Qf5 27. Nf6+
Qxf6 28. Bxb7 Qe7 1/2-1/2